000 004420000a22001690004500
003 LK-CoMWRAF
008 230817t ||||| |||| 00| 0 eng d
020 _a8123201435
040 _aLK-CoMWRAF
_dLK-CoMWRAF
_eLK-CoMWRAF
041 _aeng
082 _a152.7
_bJAL
100 _aJalaluddin, Maulana Syed
245 _aSamooga Kattamaipil Pengalin Pangu
_b
260 _bIslamic Foundation Trust
_aIndia
_c2005
300 _ap.87
942 _cBK
999 _c1029
_d1029